000 00772nam a2200289Ia 4500
001 B3640
003 IT-RoPAU
008 130308s9999 xx 000 0 und d
040 _aIT-RoPAU
040 _cIT-RoPAU
041 _aITALIANO
100 _aSitney Adams
100 _gCodice Aut. SPICS: 1201
245 _aSussurri e grida
245 _bCinema (Il). Verso Il Centenario
250 _a1a ed.
260 _aBARI
260 _bDedalo
260 _c1992 [1° Ed.:1992 - Ed.Ling.Originale:0]
300 _a"4 p. (prefazione: no ; testo: 4 [pagine: 257-260])"
500 _aColore e Struttura Simbolica nel Film di Ingmar Bergman.
650 _aSAGGI SUL CINEMA
650 _eCodice materia Spics: 6811
942 _cBK
957 _71
999 _c84153
_d84153
999 _g1